[Event "CAT-chT Honor Division 2019"]
[Site "Catalonia"]
[Date "2019.01.19"]
[Round "1"]
[White "Peralta, Fernando"]
[Black "Gallego Alcaraz, Andres Felipe"]
[Result "1-0"]
[WhiteElo "2580"]
[BlackElo "2502"]
[Annotator "TA RC"]
[PlyCount "67"]
[EventDate "2019.01.16"]
[EventType "team-tourn"]
[EventCountry "ESP"]
[SourceTitle "playchess.com"]
[Source "ChessBase"]
[SourceQuality "1"]

{[%evp 31,67,0,21,0,120,103,93,91,148,145,107,73,81,77,81,40,31,23,58,37,244,237,169,188,186,172,185,186,530,493,29986,1649,5369,5389,29982,29983,29979,797]} 1. d4 Nf6 2. c4 g6 3. Nc3 d5 4. cxd5 Nxd5 5. e4 Nxc3 6. bxc3 Bg7 7. Bc4 c5 8. Ne2 Nc6 9. Be3 O-O 10. O-O Na5 11. Bd3 b6 12. Qd2 e5 13. Bh6 cxd4 14. cxd4 exd4 15. Bxg7 {D87: Exchange Grünfeld: Classical Line: Variations without ...cxd4} Kxg7 16. f4 f6 {LiveBook: 19 Games} 17. e5 {[#] The position is equal.} Bb7 $146 (17... Bg4 $11 {remains equal.}) ({Predecessor:} 17... Bd7 18. exf6+ Qxf6 19. Ng3 Kh8 20. f5 gxf5 21. Bxf5 Bxf5 22. Rxf5 {½-½ (36) Topalov,V (2796)-Kamsky,G (2725) Sofia 2009}) 18. exf6+ $1 $16 Rxf6 19. f5 $1 gxf5 (19... Qe7 $142) 20. Ng3 {Nh5+ is the strong threat.} (20. Bxf5 Bxg2 21. Kxg2 Qd5+ 22. Rf3 Rxf5 $15) 20... Kh8 21. Nxf5 Rg6 22. Ng3 {[%mdl 1024] White has strong compensation.} Qg5 23. Qf2 Rg7 24. Rae1 Rd8 25. Re2 Bc6 $2 ({Black should try} 25... Nc6 $14) 26. Qe1 $1 $18 Rdg8 27. Rf5 $1 {[%cal Rf5g5]} Qd8 28. Rh5 {Threatens to win with Re6.} Re8 29. Ree5 $1 Nb7 $2 (29... Kg8 30. Qe2 Rxe5 31. Qxe5 Qc7) 30. Qe2 Rge7 {[#]} (30... Nd6 $18 31. Bxh7 Rxh7) 31. Re6 $1 {[%mdl 512]} Qc7 {[#]} (31... Rxe6 32. Rxh7+) 32. Bxh7 $1 {[%mdl 512] White threatens Bd3+ and mate.} Rxe6 (32... Rxh7 33. Rxe8+) 33. Bf5+ Kg7 34. Bxe6 {Accuracy: White = 72%, Black = 18%.} (34. Qg4+ $142 Kf8 35. Bxe6 Nd6 36. Nf5 Nxf5 37. Rxf5+ Ke7 38. Rf7+ {[%mdl 64] Skewer} Kd6 39. Qxd4+ Kxe6 40. Rxc7) 1-0

[Event "CAT-chT Honor Division 2019"]
[Site "Catalonia"]
[Date "2019.01.19"]
[Round "1"]
[White "Delchev, Aleksander"]
[Black "Krysa, Leandro"]
[Result "1/2-1/2"]
[WhiteElo "2554"]
[BlackElo "2499"]
[Annotator "TA RC"]
[PlyCount "45"]
[EventDate "2019.01.16"]
[EventType "team-tourn"]
[EventCountry "ESP"]
[SourceTitle "playchess.com"]
[Source "ChessBase"]
[SourceQuality "1"]

{[%evp 18,45,48,57,63,35,45,0,0,0,7,-4,0,0,12,4,4,4,5,0,0,-24,0,-12,-12,-12,-9,-22,-4,-65]} 1. Nf3 Nf6 2. c4 g6 3. Nc3 Bg7 4. e4 d6 5. d4 O-O 6. Be2 Qe8 7. O-O e5 8. dxe5 dxe5 9. b4 {[%cal Bb2b4,Bb4b5][%mdl 32] E94: King's Indian: Classical: 6 Be2 e5 7 0-0: Various Black 7th moves} Bg4 10. b5 {LiveBook: 12 Games} Qc8 $146 ({Predecessor:} 10... Bxf3 11. Bxf3 Qe6 12. Nd5 Rc8 13. Nxf6+ Qxf6 14. Be3 Rd8 15. Qc1 Qe7 16. c5 c6 {½-½ (74) Lalith,B (2587)-Naiditsch,A (2702) Caleta 2017}) 11. Nd5 {White is slightly better.} Re8 12. Ng5 Bxe2 13. Qxe2 Nbd7 14. Ba3 h6 {[#] White must now prevent ...Nxd5.} 15. Nf3 {Ne7+ is the strong threat.} Bf8 16. Bxf8 Kxf8 17. Rad1 c6 18. Nxf6 Nxf6 19. Rd6 Re6 20. Qd3 {The position is equal.} cxb5 21. cxb5 Kg7 22. Re1 Qe8 23. a4 (23. Rxe6 $11 Qxe6 24. Qa3) 1/2-1/2

[Event "CAT-chT Honor Division 2019"]
[Site "Catalonia"]
[Date "2019.01.19"]
[Round "1"]
[White "Sosa, Tomas"]
[Black "Kogan, Arthur"]
[Result "1-0"]
[WhiteElo "2499"]
[BlackElo "2547"]
[Annotator "TA"]
[PlyCount "211"]
[EventDate "2019.01.16"]
[EventType "team-tourn"]
[EventCountry "ESP"]
[SourceTitle "playchess.com"]
[Source "ChessBase"]
[SourceQuality "1"]

{[%evp 29,211,35,60,65,62,60,66,58,65,56,77,81,63,22,41,31,59,-28,-20,-211,0,-42,0,-18,13,23,18,19,99,21,20,0,20,0,14,29,129,129,139,146,160,-65,0,-31,-8,-40,-27,-16,0,0,0,0,0,0,0,-48,-48,-48,-48,-48,-48,-48,-48,-59,-59,-83,-83,-80,-85,-72,-60,-79,-67,-68,170,170,169,170,209,208,372,372,372,364,364,357,357,357,354,305,357,357,357,357,357,350,350,343,350,335,649,649,649,649,12849,12848,12846,12845,12845,12840,12838,12839,12843,12844,12845,12846,12846,12839,12839,12840,12841,12843,12845,12843,12847,12839,12837,12834,12847,12847,29936,29939,29940,29941,29938,29941,29943,29945,29954,29954,29954,29953,29946,29949,29970,29972,29974,29975,29975,29976,29973,29973,29977,29978,29978,29979,29980,29980,29979,29979,29982,29983,664,664,664,664,664,664,29991,29992,29992,29993,29993,29994,29995,29994,29996,29997,29997,29997,29997,29998,29998,29999]} 1. e4 e5 2. Nf3 Nc6 3. Bc4 Bc5 4. d3 Nf6 5. c3 d6 6. Bb3 a6 7. O-O Ba7 8. Nbd2 O-O 9. h3 Ne7 10. Re1 Ng6 11. Nf1 Be6 12. Ng3 {C54: Giuoco Piano: 4 c3 Nf6, main lines with 5 d4 and 5 d3} h6 13. d4 Bxb3 14. Qxb3 Qd7 15. Be3 Qb5 {LiveBook: 3 Games} 16. Qc2 $1 Rfe8 {[#]} 17. c4 $146 ({Predecessor:} 17. Rad1 Qc6 18. c4 exd4 19. Nxd4 {1-0 (45) Votava,J (2569)-Zilka,S (2479) Czechia 2010}) 17... Qd7 18. Rad1 exd4 19. Nxd4 b5 20. cxb5 axb5 21. Ndf5 Bxe3 22. Rxe3 Rxa2 23. Qc3 (23. Rf3 $1 $14) 23... Re5 $11 24. Rf3 $2 (24. b4 $11 {and White has nothing to worry.}) 24... b4 $2 (24... Nxe4 $19 25. Nxe4 Rxf5) 25. Qxb4 Qb5 26. Qc3 Ne8 27. b4 Qa4 28. Rc1 c5 (28... Qa8 $11 {keeps the balance.}) 29. Qc4 ({Not} 29. bxc5 $2 Rxc5 30. Ne2 Rxe2 $19) (29. Qb3 $1 $16 {Nxh6+! is the strong threat.} Re6 30. bxc5) 29... Re6 {aiming for ...Ne5.} 30. Rb3 Ne5 31. Qc3 c4 32. Rbb1 $1 Nd3 (32... Nc7 $11) 33. Rf1 $1 $16 Qa7 {[%cal Rd3f2]} 34. Nd4 $1 {[%cal Rd4e6]} Rf6 {[%cal Rf6f2]} 35. Nh1 $2 {[#]} (35. Ngf5 $16) 35... Nf4 ({Black should try} 35... d5 $1 $15 {[%mdl 512]} 36. exd5 Nd6) 36. Kh2 d5 {And now ...Nd6 would win.} 37. Ra1 Rxa1 38. Rxa1 Qb8 39. Ng3 Nd3 $40 {[%mdl 128] Black has some attack.} 40. exd5 {Hoping for Nc6.} Rxf2 {White must now prevent ...Qe5.} 41. Qxc4 Nf4 $1 42. Ra2 Nd6 43. Qb3 Rxa2 44. Qxa2 Qxb4 45. Nc6 Qe1 46. Qc2 g6 $1 ({Don't blunder} 46... Nxd5 $2 47. Qd3 $18) 47. Nd4 Qe5 48. Nf3 Qxd5 49. Qc1 g5 50. Qb2 Qe6 51. Qb8+ Kg7 $2 {[#]} (51... Kh7 $15) 52. Qxd6 $1 $18 {[%mdl 576] Remove Defender, Deflection, Decoy} Qxd6 53. Nf5+ {[%mdl 64] Double Attack} Kg6 54. Nxd6 f6 $2 (54... Nd3 55. Nd4 h5) 55. Nd4 h5 56. g3 Nd5 57. N6f5 Nb4 58. Kg2 Nd3 59. Kf3 g4+ 60. hxg4 Ne5+ 61. Kf4 Nxg4 {If Black can now play ...Nf2 this consolidates a bit.} 62. Nh4+ Kf7 63. Ne2 Nf2 64. Kf3 Nh1 $2 (64... Nd1 65. Nf4 Nb2 66. Nxh5 Nc4) 65. Kg2 Nxg3 66. Kxg3 ({Weaker is} 66. Nxg3 f5 $14) 66... Ke6 67. Nd4+ Ke5 68. Ndf5 Ke4 69. Kf2 Kf4 70. Ke2 Ke4 71. Kd2 Ke5 72. Ke3 Kd5 73. Kd3 Ke5 74. Kc4 Ke4 75. Kc5 Ke5 76. Kc6 Ke6 77. Kc7 Ke5 78. Kd7 Kd5 79. Ke7 Ke5 80. Kf7 Kd5 81. Kg6 Ke5 82. Kxh5 Kf4 83. Kg6 Kg4 84. Kf7 Kf4 85. Ke6 Ke4 86. Ng6 Kf3 87. Kd5 Ke2 88. Kd4 Kd2 89. Nf4 Kc2 90. Kc4 Kd2 91. Kb3 Ke1 92. Kc2 Kf2 93. Kd3 Kf3 94. Ne6 Kg4 95. Ke4 Kh5 96. Kf4 Kg6 97. Kg4 Kf7 98. Neg7 {Kh5 would kill now.} Kg6 99. Kh4 {White mates.} Kf7 100. Kh5 Kg8 101. Kh6 Kf8 102. Kg6 Kg8 103. Ne6 Kh8 104. Kf7 Kh7 105. Nf8+ Kh8 106. Ne7 {Accuracy: White = 64%, Black = 38%.} 1-0

[Event "CAT-chT Honor Division 2019"]
[Site "Catalonia"]
[Date "2019.01.19"]
[Round "1"]
[White "Rios, Cristhian Camilo"]
[Black "Zurano Lopez, Pedro"]
[Result "1-0"]
[WhiteElo "2482"]
[BlackElo "2291"]
[Annotator "TA RC"]
[PlyCount "107"]
[EventDate "2019.01.16"]
[EventType "team-tourn"]
[EventCountry "ESP"]
[SourceTitle "playchess.com"]
[Source "ChessBase"]
[SourceQuality "1"]

{[%evp 20,107,21,18,22,-26,-14,-14,-16,-43,0,0,0,0,0,0,5,-2,19,0,54,56,58,62,78,70,75,74,71,66,82,83,85,79,108,73,120,121,124,124,127,119,115,116,136,133,125,104,105,94,111,103,111,91,94,97,128,128,128,128,134,134,135,135,141,139,132,119,185,155,155,174,219,214,314,359,345,348,458,462,491,430,29983,29984,29984,29985,29985,29986,29985,29986]} 1. d4 Nf6 2. c4 e6 3. Nc3 Bb4 4. Qc2 Nc6 5. Nf3 O-O 6. a3 Bxc3+ 7. Qxc3 d6 8. g3 e5 9. Bg2 Re8 10. d5 {E33: Nimzo-Indian: Classical: 4...Nc6} (10. dxe5 dxe5 11. Bg5 h6 12. Rd1 Qe7 13. Bxf6 Qxf6 14. O-O Bg4 15. h3 Bh5 16. g4 Bg6 17. Rd2 Rad8 {1-0 (37) Dreev,A (2667)-Harikrishna,P (2726) Dubai 2014}) 10... Ne7 11. O-O {LiveBook: 7 Games} h6 12. Ne1 $146 {The position is equal.} ({Predecessor:} 12. b4 Bf5 13. h3 Qd7 14. Kh2 Ne4 15. Qe3 Nf6 16. Qb3 Be4 17. a4 b6 {1-0 (112) Lund,S (2388)-Klings,P (2149) Helsingor 2011}) 12... c6 13. dxc6 Nxc6 14. Nc2 d5 15. cxd5 Nxd5 16. Qc5 Nde7 17. Be3 $36 {[%mdl 2048] White has good play.} Bg4 18. Qc4 Qc8 19. Rfc1 Qe6 (19... Be6 $11 20. Qa4 Bd5) 20. Qxe6 $14 Bxe6 21. Nb4 Rec8 22. Nxc6 Nxc6 23. b4 a6 24. Bb6 Kf8 25. Rc5 f6 26. e3 Ke7 27. a4 (27. Rd1 {feels hotter.} Kf8 28. h3 Kf7 29. g4 g6 30. f4) 27... Nd8 28. Bxd8+ Rxd8 29. Bxb7 Ra7 30. Bf3 Rb8 31. Rb1 Rb6 32. Kf1 Bd7 33. Ra5 Rc7 34. b5 axb5 35. axb5 Bf5 36. e4 (36. Rb2 {seems wilder.} Bd7 37. Be2 f5 38. Ke1 Rcb7 39. Kd1) 36... Bh3+ 37. Ke1 Bd7 38. Be2 Rcb7 39. Kd2 Rd6+ 40. Ke3 Rc7 {[#] ...Rc3+ is the strong threat.} 41. Ra3 Rb6 42. Ra6 Rcb7 {And now ...Rxa6 would win.} 43. Rd1 Be8 (43... Rb8 $16) 44. h4 Bd7 45. f4 exf4+ 46. gxf4 {[%cal Bg3f4,Bf4f5][%mdl 32]} ({Don't do} 46. Kxf4 $6 Rxa6 47. bxa6 Rb3 $16) 46... g5 (46... Rb8 {keeps fighting.} 47. Rg1 Kf8 48. Rxb6 Rxb6) 47. hxg5 $18 hxg5 48. f5 Rxa6 49. bxa6 {[%cal Bb5a6,Ba6a7][%mdl 32] KRB-KRB} Rb3+ 50. Rd3 Rxd3+ (50... Rb4 $18 51. Ra3 Bc6) 51. Bxd3 {White mates.} Kd6 52. a7 Bc6 53. Bc4 Kc7 54. Bd5 {Precision: White = 77%, Black = 29%.} 1-0

[Event "CAT-chT Honor Division 2019"]
[Site "Catalonia"]
[Date "2019.01.19"]
[Round "1"]
[White "Fluvia Poyatos, Joan"]
[Black "Asis Gargatagli, Hipolito"]
[Result "1/2-1/2"]
[WhiteElo "2475"]
[BlackElo "2529"]
[Annotator "TA"]
[PlyCount "71"]
[EventDate "2019.01.16"]
[EventType "team-tourn"]
[EventCountry "ESP"]
[SourceTitle "playchess.com"]
[Source "ChessBase"]
[SourceQuality "1"]

{[%evp 11,71,16,29,7,24,0,0,-29,-20,-42,-1,-12,-9,-37,-41,-47,-44,-47,-46,-46,-46,-54,-61,-106,-50,-114,-83,-86,-85,-99,-99,-99,-102,-112,-108,-117,-118,-118,-122,-117,-122,-116,-116,-116,-116,-118,-79,-84,-65,-75,-70,-78,-42,-45,-29,-33,-33,-33,-33,-33,-29,-29]} 1. c4 $146 (1. d4 Nf6 2. c4 {0-1 (34) Sermier,G (2374)-Le Roux,J (2607) Orsay 2018}) ({Predecessor:} 1. d4 Nf6 2. c4 {1-0 (19) Zhukova,N (2438)-Gajcin,M (2148) Novi Sad 2017}) 1... g6 2. d4 Nf6 3. Nf3 (3. Nc3 d5 4. Nf3 Bg7 5. e3 O-O 6. Be2 {0-1 (34) Sermier,G (2374)-Le Roux,J (2607) Orsay 2018}) 3... Bg7 4. e3 O-O 5. Be2 b6 6. Nc3 d5 7. cxd5 {D94: Grünfeld: 4 Nf3 Bg7 5 e3} (7. O-O Bb7 8. b4 dxc4 9. Bxc4 c5 10. bxc5 bxc5 11. Rb1 Qc8 12. d5 Nbd7 13. e4 Nb6 14. Be2 e6 15. dxe6 Qxe6 16. Ng5 Qe5 17. Qc2 {0-1 (34) Sermier,G (2374)-Le Roux,J (2607) Orsay 2018}) 7... Nxd5 8. Nxd5 Qxd5 9. Nd2 {Hoping for Bf3.The position is equal.} Nc6 ({Predecessor:} 9... c6 10. Nf3 Qd8 11. O-O Bb7 12. a4 Nd7 13. a5 Rb8 14. axb6 axb6 15. Ra7 Qc7 16. b4 Ra8 17. Rxa8 Rxa8 18. Qb3 Ba6 19. Re1 {1-0 (19) Zhukova,N (2438)-Gajcin,M (2148) Novi Sad 2017}) 10. O-O Bb7 {Strongly threatening ...Nxd4!} 11. Bf3 Qd7 12. b4 e5 13. dxe5 Ba6 $36 {[%mdl 2048] White is under pressure.} 14. Nb3 Qxd1 15. Rxd1 Rad8 16. Bb2 Nxb4 17. Bc3 c5 (17... Rxd1+ $17 18. Rxd1 Nxa2) 18. a3 (18. Bxb4 $15 cxb4 19. Nd4) 18... Nd3 19. Be2 c4 20. Bxd3 Rxd3 ({Reject} 20... cxd3 21. f4 $11) 21. Rxd3 cxd3 22. f4 Rc8 23. Rc1 {[#]} f6 $1 {[%mdl 512]} 24. exf6 {[#]} Bxf6 $1 {[%mdl 512]} 25. Bd2 (25. Bxf6 Rxc1+) 25... Bb2 26. Rxc8+ Bxc8 $17 {[%mdl 4096] Endgame KBB-KBN} 27. a4 a5 28. Kf2 Bd7 29. Nc1 Bxa4 {And now ...Bc2 would win.} 30. Nxd3 Bf6 31. e4 Bc6 32. Ke3 h5 33. g3 Kf7 34. Ne5+ Bxe5 $1 35. fxe5 Ke6 36. Kd4 {Accuracy: White = 51%, Black = 60%.} 1/2-1/2

[Event "CAT-chT Honor Division 2019"]
[Site "Catalonia"]
[Date "2019.01.19"]
[Round "1"]
[White "Perez Mitjans, Orelvis"]
[Black "Rakhmanov, Aleksandr"]
[Result "0-1"]
[WhiteElo "2386"]
[BlackElo "2629"]
[Annotator "TA"]
[PlyCount "108"]
[EventDate "2019.01.16"]
[EventType "team-tourn"]
[EventCountry "ESP"]
[SourceTitle "playchess.com"]
[Source "ChessBase"]
[SourceQuality "1"]

{[%evp 10,108,32,27,27,31,31,21,32,29,29,22,31,0,15,10,9,0,0,0,1,4,23,4,39,29,36,40,34,0,12,0,0,-21,-15,-39,-39,-39,-38,-31,0,-31,0,-31,-31,-31,-31,-31,-31,-31,-31,-33,-33,-41,-41,-47,-41,-41,-41,-53,-54,-101,-91,-88,-95,-141,-160,-295,-291,-294,-291,-285,-283,-258,-261,-255,-239,-650,-631,-602,-595,-523,-368,-312,-229,-227,-187,-220,-210,-216,-193,-251,-239,-973,-970,-1022,-828,-799,-794,-29998,-29999]} 1. e4 c5 2. Nf3 Nf6 3. Nc3 d5 4. exd5 Nxd5 5. Bb5+ Bd7 6. Ne5 Nf6 {B29: Sicilian: 2 Nf3 Nf6 (Nimzowitsch Variation)} (6... Bxb5 7. Qf3 f6 8. Nxb5 Na6 9. Qh5+ g6 10. Nxg6 hxg6 11. Qxh8 Qd7 12. Nc3 Nab4 13. O-O Nxc2 14. Rb1 {½-½ (54) Caruana,F (2816)-Mamedyarov,S (2808) Leuven 2018}) 7. Qf3 Qc8 8. a4 e6 {The position is equal.} 9. O-O $146 ({Predecessor:} 9. d3 Be7 {½-½ (62) Kravtsiv,M (2654)-Rakhmanov,A (2627) Ankara 2018}) 9... Be7 10. d3 O-O 11. Bf4 ({Predecessor:} 11. Bg5 a6 12. Bxd7 Nbxd7 13. Nc4 b6 14. Ra3 {½-½ (62) Kravtsiv,M (2654)-Rakhmanov,A (2627) Ankara 2018}) 11... a6 12. Bxd7 Nfxd7 13. Nc4 Nc6 14. a5 Nd4 15. Qd1 $1 Qc6 16. Re1 Bd8 (16... Rad8 {keeps more tension.} 17. Ne4 Nf5 18. Ned2 Nh4 19. Qg4 Ng6) 17. Ne4 Bc7 18. Bxc7 Qxc7 19. Ned2 Rad8 20. Nf3 Nb8 21. Nxd4 cxd4 22. Qf3 Nc6 23. Qg3 Qe7 24. Qf3 Qc7 25. Qg3 Qe7 26. Qf3 Rfe8 27. Qf4 Rd5 28. Re2 Red8 29. h3 Rb5 30. Ra4 Rdd5 31. b3 h6 32. Re4 Qd8 33. g3 Qe7 34. h4 Rf5 35. Qd6 {[#] With the idea Qxe7.} Qf6 $1 36. f4 g5 37. hxg5 hxg5 {White must now prevent ...Qh6.} 38. Qc7 (38. Ra1 $17) 38... gxf4 $19 39. Rxf4 Rxf4 40. Qxf4 Rf5 41. Qg4+ Rg5 42. Qh4 Qg6 43. Kg2 $2 (43. Ra1) 43... Rh5 44. Qe4 Qh6 45. Qf4 {White wants to play Qxh6.} Rh2+ 46. Kf3 Qh5+ 47. Qg4+ Qxg4+ 48. Kxg4 Rxc2 {[%mdl 4096] Endgame KRN-KRN} 49. Nd6 Ne5+ 50. Kg5 (50. Kh3 $142) 50... Kg7 51. Nxb7 $2 (51. Ne8+ Kf8 52. Nf6) 51... Rf2 52. Kh4 f5 53. g4 {[#]} f4 $1 {( -> ...Nf3+)} 54. Nc5 Nf3+ {Accuracy: White = 46%, Black = 85%.} 0-1

[Event "CAT-chT Honor Division 2019"]
[Site "Catalonia"]
[Date "2019.01.19"]
[Round "1"]
[White "Matnadze, Ana"]
[Black "Panelo, Marcelo"]
[Result "1/2-1/2"]
[WhiteElo "2372"]
[BlackElo "2366"]
[Annotator "TA"]
[PlyCount "149"]
[EventDate "2019.01.16"]
[EventType "team-tourn"]
[EventCountry "ESP"]
[SourceTitle "playchess.com"]
[Source "ChessBase"]
[SourceQuality "1"]

{[%evp 9,149,14,0,7,10,-10,-20,-23,12,0,-5,-22,-31,-27,-23,-22,-12,-26,-17,-26,-16,-19,-21,-30,-18,-21,-17,-35,-22,-24,-20,-29,-37,-100,-106,-116,-107,-143,-88,-204,-177,-164,-175,-195,-145,-149,-134,-156,-157,-145,-138,-93,-82,-86,-91,-104,-107,-135,-135,-310,-136,-135,-128,-116,-119,-139,-109,-181,-120,-227,-238,-260,-262,-270,-228,-226,-122,-316,-156,-160,-104,-159,-159,-151,-151,-146,-150,-152,-151,-151,-131,-131,0,-135,-124,-116,-81,-106,-91,-80,-22,-22,-22,-22,-19,-22,-16,-24,0,0,0,-15,-20,-27,-8,-67,-12,-14,0,-67,0,0,0,0,0,0,0,0,0,0,0,0,0,0,0,0,0,0,0,0,0,0]} 1. Nf3 d5 2. c4 d4 3. e3 Nc6 4. b4 Nxb4 (4... dxe3 5. fxe3 e5 6. b5 Nb4 7. Nc3 Bf5 8. e4 Bg4 9. a3 Bxf3 10. gxf3 Nd3+ 11. Bxd3 Qxd3 12. Qe2 {1-0 (30) Iturrizaga Bonelli,E (2636)-Xiong,J (2651) chess.com INT 2018}) 5. Qa4+ Nc6 6. Nxd4 $146 {A09: Réti Opening: 1 Nf3 d5 2 c4} ({Predecessor:} 6. exd4 e6 7. Bb2 Nf6 8. Be2 Be7 9. O-O O-O 10. d3 Nd7 11. c5 Nf6 12. Nbd2 {0-1 (48) Stuemer,P (2073)-Sadzikowski,D (2510) Heusenstamm 2015}) 6... Bd7 7. Qb3 Nxd4 8. exd4 g6 9. Bb2 Bg7 10. d5 Nf6 11. Be2 O-O 12. O-O c6 13. Nc3 Re8 14. Bf3 Bg4 15. Bxg4 (15. Qxb7 $2 Rb8 $19) ({Don't play} 15. dxc6 Bxf3 16. c7 Qxc7 $17) 15... Nxg4 16. h3 ({Avoid the trap} 16. Qxb7 $2 Rb8 $19) 16... Nf6 17. Rfe1 Qd7 18. Rab1 Rad8 19. dxc6 bxc6 20. d4 Rb8 21. Qa3 (21. Qd1 $15) 21... Qxd4 $17 22. Nb5 Qxc4 23. Nc7 Rf8 (23... Rec8 $142 24. Rbc1 Qb4 25. Qxb4 Rxb4) 24. Qxa7 {[#]} (24. Rbc1 $17 Qb4 25. Qxb4 Rxb4 26. Ba3) 24... Qc2 $1 $19 25. Rec1 Qf5 26. Na6 Rb5 {[%cal Bb8b5,Bb5a5,Ba5a4,Ba4d4,Bd4d6][%mdl 32]} 27. a4 Ra5 {And now ...Qd3 would win.} 28. Qb6 Nd7 29. Qb7 Bxb2 30. Rxb2 Rxa4 {Threatens to win with ...Ne5.} 31. Qxc6 Rd4 32. Re2 Rd6 33. Qc4 Ne5 $36 {[%mdl 2048] White is under strong pressure.} 34. Qc5 $2 {[#]} (34. Qe4 $17 Nd3 35. Qxf5 gxf5 36. Ra1) 34... Nd3 (34... Rc6 $1 $19 {[%cal Rc6c5]} 35. Rxe5 Rxc5 36. Rexc5 Qe4) 35. Qxf5 $17 gxf5 36. Ra1 Ra8 37. Rea2 Rc8 38. g3 (38. Rd2 $17 {keeps fighting.}) 38... f4 (38... e5 $19 39. Ra4 Rb6) 39. Kg2 (39. Rd1 $17 {was necessary.}) 39... fxg3 $19 40. fxg3 Kg7 41. Re2 e6 42. Ra4 f5 ({Black should try} 42... h5 $19 43. Rea2 Rc3) 43. Ra3 $2 (43. Nb4 $17) 43... Kf6 (43... e5 $19 44. Rea2 e4) 44. Kh2 $17 Rcc6 (44... e5 $142 {aiming for ...e4.} 45. Rd2 e4) 45. Nb8 ({White should play} 45. Rxd3 Rxd3 46. Nb4) 45... Rb6 46. Rd2 Ne5 47. Rxd6 Rxd6 {[%mdl 4096] Endgame KRN-KRN} 48. Na6 Rd2+ 49. Kg1 Rd1+ 50. Kg2 Rd2+ 51. Kg1 $1 Nc4 52. Rc3 Nb6 53. Nc5 Nd5 54. Ra3 Nb4 (54... Rc2 $17 55. Nd7+ Kg7) 55. Ra7 $11 h5 56. Nd7+ Kg5 {...Nc6 is the strong threat.} 57. Ne5 Rd1+ 58. Kg2 Rd5 59. h4+ Kh6 60. Nf7+ (60. Nd7 {keeps more tension.} Rd2+ 61. Kf1 Kg6 62. Ne5+ Kf6 63. Nd7+) 60... Kg6 61. Ng5 Rd2+ 62. Kf3 (62. Kf1 $11) 62... Rd3+ ({Better is} 62... e5 $15 63. Ra8 Nc6) 63. Kg2 Rd2+ (63... e5 $11) 64. Kf3 $15 Kf6 (64... e5 $15 65. Ra8 Nc6) 65. Rh7 $11 {The position is equal.} Rd3+ 66. Kf2 Rd2+ 67. Kf3 e5 {White must now prevent ...Nd5.} 68. Rh6+ Kg7 69. Re6 $1 Rd5 70. Re7+ Kg6 71. Re6+ Kg7 72. Re7+ Kg6 73. Re6+ Kg7 74. Re7+ Kf6 75. Re6+ {Precision: White = 52%, Black = 47%.} 1/2-1/2

[Event "CAT-chT Honor Division 2019"]
[Site "Catalonia"]
[Date "2019.01.19"]
[Round "1"]
[White "Mellado Trivino, Juan"]
[Black "Garriga Cazorla, Pere"]
[Result "1/2-1/2"]
[WhiteElo "2365"]
[BlackElo "2445"]
[Annotator "TA"]
[PlyCount "51"]
[EventDate "2019.01.16"]
[EventType "team-tourn"]
[EventCountry "ESP"]
[SourceTitle "playchess.com"]
[Source "ChessBase"]
[SourceQuality "1"]

{[%evp 20,51,10,-13,0,-3,14,5,12,18,16,20,42,21,62,30,36,36,43,33,40,35,35,23,40,6,16,17,38,38,42,4,3,6]} 1. e4 e5 2. Nf3 Nc6 3. d4 ({Predecessor:} 3. Nc3 Nf6 4. d4 exd4 5. Nxd4 Bb4 6. Nxc6 bxc6 7. Bd3 d5 8. exd5 cxd5 9. O-O O-O 10. h3 c6 11. Qf3 Rb8 12. Bf4 {0-1 (36) Juhasz,A (2106)-Nemeth,M (2085) Budapest 2018}) 3... exd4 4. Nxd4 Nf6 5. Nxc6 $146 (5. Nc3 Bb4 6. Nxc6 bxc6 7. Bd3 d5 8. exd5 cxd5 9. O-O O-O 10. h3 c6 11. Qf3 Bd6 {0-1 (28) Morozevich,A (2656)-Mamedyarov,S (2817) St Petersburg 2018}) 5... bxc6 6. Bd3 d5 7. exd5 cxd5 8. O-O Be7 9. Bf4 O-O 10. Nc3 {[%cal Bb1c3,Bc3e2,Be2d4,Bd4f5][%mdl 32]} c6 11. Qf3 Bd6 {C47: Scotch Four Knights and Four Knights with 4 g3} (11... Bg4 $5 12. Qg3 $8 Qd7 $11) 12. h3 Rb8 (12... Be6 13. b3 c5 14. Rad1 Bxf4 15. Qxf4 Qa5 16. Qd2 c4 17. Be2 Rac8 18. bxc4 dxc4 {0-1 (28) Morozevich,A (2656)-Mamedyarov,S (2817) St Petersburg 2018}) 13. b3 Rb4 14. Ne2 Re8 15. c4 Rb7 ({Predecessor:} 15... Be6 16. Rad1 Bxf4 17. Nxf4 Qb8 18. Nxe6 fxe6 {0-1 (36) Juhasz,A (2106)-Nemeth,M (2085) Budapest 2018}) 16. Rad1 Rbe7 17. Nd4 Qc7 18. Bxd6 Qxd6 19. cxd5 cxd5 20. Bb5 Bd7 21. Bxd7 Qxd7 22. Nf5 Re5 23. Ne3 Qb5 24. Rd4 Qa5 25. Rfd1 {[%cal Re3d5]} Qxa2 26. Nxd5 1/2-1/2